000 00605nam a22001697a 4500
999 _c189220
_d189220
005 20220623101601.0
010 _avivek
020 _a9789350233955
_c550.00
037 _bShroff publishers & distributors pvt. ltd.
100 _aMatthew Macdonald
245 _aCreating a Website:the missing manual/
_cMatthew Macdonald
_hEnglish
260 _aNavi Mumbai
_bShroff Publishers & Distributors Pvt. Ltd.
_c2011
270 _aC-103, MIDC, TTC Industrial Area, Pawane
_bNavi Mumbai
_e400705
300 _axiv,563p.
_bill.
_c23cm.(Pb)
500 _aindex,shroff/O' Reilly
942 _2ddc
_cEN
_eThird Edition.
_kMAT